<?xml version="1.0" encoding="UTF-8"?>
<record
    xmlns:xsi="http://www.w3.org/2001/XMLSchema-instance"
    xsi:schemaLocation="http://www.loc.gov/MARC21/slim http://www.loc.gov/standards/marcxml/schema/MARC21slim.xsd"
    xmlns="http://www.loc.gov/MARC21/slim">

  <leader>02334nam a2200301 i 4500</leader>
  <controlfield tag="001">000000217380</controlfield>
  <controlfield tag="003">IT-MiSPE</controlfield>
  <controlfield tag="005">20250320182434.0</controlfield>
  <controlfield tag="008">031003s1955    xx            000 b ger c</controlfield>
  <datafield tag="020" ind1=" " ind2=" ">
    <subfield code="a">3787309691</subfield>
  </datafield>
  <datafield tag="040" ind1=" " ind2=" ">
    <subfield code="a">IT-MiSPE</subfield>
    <subfield code="b">ita</subfield>
    <subfield code="c">IT-MiSPE</subfield>
  </datafield>
  <datafield tag="041" ind1=" " ind2=" ">
    <subfield code="a">ita</subfield>
    <subfield code="h">lat</subfield>
  </datafield>
  <datafield tag="082" ind1=" " ind2=" ">
    <subfield code="a">171-SPI ba et (ppv 23395)</subfield>
  </datafield>
  <datafield tag="100" ind1="1" ind2=" ">
    <subfield code="a">Spinoza, Baruch de,</subfield>
    <subfield code="d">1632-1677.</subfield>
    <subfield code="q">Spinoza, Benedictus de,</subfield>
    <subfield code="9">61928</subfield>
  </datafield>
  <datafield tag="240" ind1=" " ind2=" ">
    <subfield code="a">Ethica more geometrico demonstrata</subfield>
  </datafield>
  <datafield tag="245" ind1="1" ind2="4">
    <subfield code="a">Die Ethik nach geometrischer Methode dargestellt /</subfield>
    <subfield code="c">Baruch de Spinoza ; &#xDC;bersetzung, Anmerkungen und Register von Otto Baensch, Einleitung von Rudolf Schottlaender.</subfield>
  </datafield>
  <datafield tag="260" ind1=" " ind2=" ">
    <subfield code="a">Hamburg :</subfield>
    <subfield code="b">Meiner,</subfield>
    <subfield code="c">1989 (Nachdruck).</subfield>
  </datafield>
  <datafield tag="300" ind1=" " ind2=" ">
    <subfield code="a">XXXV-337 p. ;</subfield>
    <subfield code="c">19 cm</subfield>
  </datafield>
  <datafield tag="490" ind1="1" ind2=" ">
    <subfield code="a">Philosophische Bibliothek ;</subfield>
    <subfield code="v">092</subfield>
  </datafield>
  <datafield tag="504" ind1=" " ind2=" ">
    <subfield code="a">Indice delle cose e dei nomi</subfield>
  </datafield>
  <datafield tag="520" ind1=" " ind2=" ">
    <subfield code="a">Il capolavoro filosofico di Spinoza, l&#x2019;esposizione del suo sistema metafisico, al quale lavor&#xF2; dal 1661 al 1665 per poi portarlo a termine poco prima di morire. Scritto in latino, fu pubblicato ad Amsterdam nel 1677. 
Dio o la Natura non agiscono secondo scopi, ma per necessit&#xE0;: bene o male non indicano qualcosa di positivo nelle cose, ma soltanto le rappresentazioni umane di esse. Buono &#xE8; ci&#xF2; che aiuta l&#x2019;uomo ad avvicinarsi al suo &#xAB;modello&#xBB;. 
Dal principio dell&#x2019;autoconservazione consegue che virt&#xF9; significa la forza di seguire la propria natura, di realizzare il proprio poter-essere. L&#x2019;affettivit&#xE0; va mediata con la ragione, in quanto la conoscenza diviene essa stessa affetto, gioia che corrisponde all&#x2019;essenza della natura umana. L&#x2019;uomo, che ha tanta pi&#xF9; virt&#xF9; quanto pi&#xF9; cerca di conservare il proprio essere, impara che agire per virt&#xF9; altro non &#xE8; se non agire sotto la guida della ragione e mirare per s&#xE9; a ci&#xF2; cui mira anche per gli altri. La riuscita della virt&#xF9; significa &#xAB;felicit&#xE0;&#xBB;, e poich&#xE9;, secondo Spinoza, le azioni razionali sono sempre buone, la cosa migliore per l&#x2019;uomo &#xE8; vivere sotto la guida della ragione. </subfield>
  </datafield>
  <datafield tag="655" ind1="0" ind2="7">
    <subfield code="a">Filosofi di varie altre lingue</subfield>
    <subfield code="x">Spinoza Baruch de, 1632-1677.</subfield>
    <subfield code="9">61929</subfield>
  </datafield>
  <datafield tag="700" ind1=" " ind2=" ">
    <subfield code="a">Baensch, Otto</subfield>
    <subfield code="d">1878-1936</subfield>
    <subfield code="e">traduttore</subfield>
    <subfield code="9">61930</subfield>
  </datafield>
  <datafield tag="700" ind1=" " ind2=" ">
    <subfield code="a">Schottlaender, Rudolf</subfield>
    <subfield code="d">1900-1988</subfield>
    <subfield code="e">introduzione</subfield>
    <subfield code="9">61931</subfield>
  </datafield>
  <datafield tag="830" ind1=" " ind2="0">
    <subfield code="a">Philosophische Bibliothek [Meiner] ;</subfield>
    <subfield code="v">092.</subfield>
    <subfield code="9">61932</subfield>
  </datafield>
  <datafield tag="942" ind1=" " ind2=" ">
    <subfield code="2">ddc</subfield>
    <subfield code="c">BK</subfield>
  </datafield>
  <datafield tag="999" ind1=" " ind2=" ">
    <subfield code="c">360457</subfield>
    <subfield code="d">360457</subfield>
  </datafield>
  <datafield tag="952" ind1=" " ind2=" ">
    <subfield code="0">0</subfield>
    <subfield code="1">0</subfield>
    <subfield code="2">ddc</subfield>
    <subfield code="4">0</subfield>
    <subfield code="6">171SPI_BA_ET_PPV_23395</subfield>
    <subfield code="7">1</subfield>
    <subfield code="a">CINISELLO</subfield>
    <subfield code="b">CINISELLO</subfield>
    <subfield code="d">2025-03-20</subfield>
    <subfield code="l">0</subfield>
    <subfield code="o">171-SPI ba et (ppv 23395)</subfield>
    <subfield code="p">3787309691</subfield>
    <subfield code="r">2025-03-20 18:25:20</subfield>
    <subfield code="w">2025-03-20</subfield>
    <subfield code="y">BK</subfield>
  </datafield>
</record>
